Normal view
MARC view
- POWER SYSTEM.DISTRIBUTED GENERATION OF ELECTRIC POWER
Entry Topical Term
001 - CONTROL NUMBER
- control field: 68735
003 - CONTROL NUMBER IDENTIFIER
- control field: NUST
005 - DATE AND TIME OF LATEST TRANSACTION
- control field: 20210628204111.0
008 - FIXED-LENGTH DATA ELEMENTS
- fixed length control field: 210628|| aca||aabn | a|a d
040 ## - CATALOGING SOURCE
- Original cataloging agency: NUST
- Transcribing agency: NUST
150 ## - HEADING--TOPICAL TERM
- Topical term or geographic name entry element: POWER SYSTEM.DISTRIBUTED GENERATION OF ELECTRIC POWER
670 ## - SOURCE DATA FOUND
- Source citation: Work cat.: (NUST): Bollen, Math H.J , Hassan, Fainan 68734, Integration of distributed generation in the power system, 2011
